000 00854nam a2200205 a 4500
008 071120s1997 ||||||||||||||||| || u
020 _a0669417513
050 _aQA 152.2 Lar
100 _aHostetler, Robert P
245 1 0 _aCollege algebra. (4th ed.)
_cRoland E. Larson; Robert P. Hostetler
250 _a4th ed.
260 _aBoston
_bHoughton Mifflin
_c1997
300 _axxv, 670[A152]p.: ill.
350 _a0.00
650 0 _aALGEBRAS, LINEAR
650 _aALGEBRA--STUDY AND TEACHING
700 _aLarson, Roland E
995 _aANNEX COLLECTION (Main Library)
_D0.00
_e738045
_FCBU-MAIN LIBRARY (Kitwe)
_H1
_I0.00
_jQA 152.2 Lar
_M2
_UAVAILABLE
_WNov 20, 2007
_y738045
_ZAnnex Low-Usage Collection
995 _aSHORT LOAN BOOKS
_D0.00
_e738044
_FCBU-MAIN LIBRARY (Kitwe)
_H1
_I0.00
_jQA 152.2 Lar
_M1
_UAVAILABLE
_WNov 20, 2007
_y738044
_ZShort Loan Collection
999 _c79452
_d79452